| 000 | 00000nam 2200000za 4500 |
| 001 | 9.801215 |
| 003 | CaOODSP |
| 005 | 20250403105638 |
| 007 | cr ||||||||||| |
| 008 | 150608s2015 onc|||||o f|0| 0 fre d |
| 020 | |a978-0-660-02528-5 |
| 040 | |aCaOODSP|bfre |
| 043 | |an-cn--- |
| 086 | 1 |aCS11-0027/99F-PDF |
| 100 | 1 |aBrown, W. Mark |q(William Mark), |d1969- |
| 245 | 10|aJusqu'à quel point la frontière entre le Canada et les États-Unis s'est-elle resserrée? |h[ressource électronique] : |ble coût du passage de la frontière par camion avant et après le 11 septembre 2001 / |cpar W. Mark Brown. |
| 260 | |aOttawa : |bStatistique Canada, |c2015. |
| 300 | |a47 p. : |bfigures, tableaux. |
| 490 | 1 |aSérie de documents de recherche sur l'analyse économique (AE) ; |x1703-0412|vN° 99 |
| 500 | |aPublié aussi en anglais sous le titre : How much thicker is the Canada-U.S. border? The cost of crossing the border by truck in the pre- and post 9/11 eras. |
| 504 | |aComprend des références bibliographiques. |
| 692 | 07|2gccst|aPassage des frontières |
| 710 | 2 |aStatistique Canada. |
| 775 | 08|tHow much thicker is the Canada–U.S. border? |w(CaOODSP)9.801214 |
| 830 | #0|aSérie de documents de recherche sur l'analyse économique (AE)|x1703-0412|vN° 99|w(CaOODSP)9.500843 |
| 856 | 40|qPDF|s428 Ko|uhttps://publications.gc.ca/collections/collection_2015/statcan/11f0027m/11F0027m2015099-fra.pdf |